000 00317nam a22001457a 4500
008 210312b ||||| |||| 00| 0 eng d
020 _a9780803614857
041 _aeng
080 _a610.73
082 _a610.73
100 _a1
101 _aINF
245 _aHuman Centered Nursing
_cKleiman, S
942 _2udc
_cBK
999 _c56612
_d56612